000 00598nam a2200241Ia 4500
003 IT-RoPAU
005 20220918175735.0
008 120407s9999 xx 000 0 und d
040 _aIT-RoPAU
040 _cIT-RoPAU
041 _aita
100 _aFederico dell’Addolorata
_935640
100 _ccp.
_935641
245 _aL’infallibilità pontificia secondo il Ven. P. Domenico della Madre di Dio, passionista
250 _aCaravate
260 _aIl Divin Crocifisso
260 _c1943
300 _a188 p.
300 _c25 cm
490 _v1
942 _cBK
_2ddc
999 _c27770
_d27770